[Event "FIDE World Uni Rapid-D 1st"]
[Site "Tornelo INT"]
[Date "2021.03.20"]
[Round "5"]
[White "Stearman, Josiah P"]
[Black "Brison, Lucas"]
[Result "1-0"]
[WhiteElo "2374"]
[BlackElo "1906"]
[PlyCount "57"]
[EventDate "2021.03.20"]
[EventType "swiss (rapid)"]
[EventRounds "12"]
[EventCountry "NET"]
[SourceTitle "EXT 2022"]
[Source "ChessBase"]
[SourceDate "2021.10.06"]
[SourceVersion "1"]
[SourceVersionDate "2021.10.06"]
[SourceQuality "1"]

1. e4 c5 2. Nc3 Nc6 3. g3 g6 4. Bg2 Bg7 5. d3 Nf6 6. f4 0-0 7. Nf3 d5 8. e5 Ne8 9. 0-0 Nc7 10. h3 b6 11. g4 Bb7 12. Kh2 Ne6 13. f5 Ned4 14. f6 exf6 15. Nxd4 Nxd4 16. exf6 Bxf6 17. Bh6 Qd6+ 18. Kh1 Rfe8 19. Qd2 Re7 20. Qf2 Be5 21. Rae1 Bg3 22. Qxg3 Qxg3 23. Rxe7 f5 24. Rxb7 Re8 25. Bxd5+ Ne6 26. Bg2 fxg4 27. Ne4 Qh4 28. Nf6+ Kh8 29. Rxh7# 1-0

[Event "Espalion op 1st"]
[Site "Espalion"]
[Date "2016.07.15"]
[Round "8"]
[White "Brison, Lucas"]
[Black "Rollot, Florence"]
[Result "1-0"]
[WhiteElo "1856"]
[BlackElo "1845"]
[PlyCount "121"]
[EventDate "2016.07.09"]
[EventType "swiss"]
[EventRounds "9"]
[EventCountry "FRA"]
[SourceTitle "CBM 173 Extra"]
[Source "ChessBase"]
[SourceDate "2016.08.29"]
[SourceVersion "1"]
[SourceVersionDate "2016.08.29"]
[SourceQuality "1"]

1. c4 Nf6 2. g3 g6 3. Bg2 Bg7 4. Nc3 c5 5. e3 Nc6 6. Nge2 0-0 7. 0-0 a6 8. d4 cxd4 9. Nxd4 Ne5 10. b3 d6 11. h3 Qc7 12. Bb2 Bd7 13. Rc1 Nc6 14. Nd5 Qd8 15. Nxc6 Bxc6 16. Nxf6+ Bxf6 17. Bxf6 exf6 18. Qd4 Qe7 19. Bxc6 bxc6 20. Rfd1 Rfd8 21. Qb6 Qd7 22. Kg2 Re8 23. Rd2 h5 24. Rcd1 Re6 25. Qb4 Rd8 26. c5 d5 27. e4 Qa7 28. exd5 cxd5 29. Rxd5 Rxd5 30. Rxd5 Qa8 31. Qc4 Qc6 32. Kh2 Re1 33. Rd8+ Kg7 34. Qd5 Qxd5 35. Rxd5 Re2 36. Kg2 Rxa2 37. Rd4 Kf8 38. Ra4 Rxa4 39. bxa4 Ke7 40. Kf3 Kd7 41. Ke4 Kc6 42. Kd4 a5 43. h4 g5 44. f4 gxh4 45. gxh4 f5 46. Kc4 f6 47. Kd4 Kc7 48. Kd5 Kd7 49. c6+ Kc7 50. Ke6 Kxc6 51. Kxf5 Kc5 52. Kxf6 Kb4 53. Kg7 Kxa4 54. f5 Kb3 55. f6 a4 56. f7 a3 57. f8Q Kb2 58. Kg6 a2 59. Kxh5 Kb1 60. Qf1+ Kb2 61. Kg6 1-0